000
00206 a2200097 4500
001
24776
100
_a
Belson, D
245
_a
What to Say & How to Say It.
260
_a
_b
Citadel
_c
090
_c
16741
_d
16741
942
_a
NUST-CAE
_c
M
_c
7493
999
_c
259849
_d
259849